Normal view
MARC view
Entry Personal Name
001 - CONTROL NUMBER
- control field: 79966
003 - CONTROL NUMBER IDENTIFIER
- control field: dpl
005 - DATE AND TIME OF LATEST TRANSACTION
- control field: 20250327110806.0
008 - FIXED-LENGTH DATA ELEMENTS
- fixed length control field: 250327|| aca||aabn | a|a d
040 ## - CATALOGING SOURCE
- Original cataloging agency: dpl
- Transcribing agency: dpl
100 ## - HEADING--PERSONAL NAME
- Personal name: Nikumbh, Subhash K
670 ## - SOURCE DATA FOUND
- Source citation: Work cat.: (dpl)210537: Nikumbh, Subhash K., Common Geriatric Problems in Women/, 2016
